Functional analysis

Gardado en:
Detalles Bibliográficos
Autor Principal: Rudin, Walter (Author)
Formato: Libro
Idioma:inglés
Publicado: Nueva Delhi McGraw-Hill Education 2006
Edición:2a. ed
Series:International Series in Pure and Applied Mathematics
Subjects:
Tags: Engadir etiqueta
Sen Etiquetas, Sexa o primeiro en etiquetar este rexistro!

MARC

LEADER 00000cam a2200000 a 4500
001 UCE3173
003 CL-VaPUC
008 140821e20060000ii |||||||||||||||||eng|d
020 |a 9780070619883 
082 0 4 |a 515.7  |b RUD  |2 21 
100 0 |a Rudin, Walter  |e author  |9 575657 
245 1 0 |a Functional analysis 
250 |a 2a. ed 
300 |a 424 p 
942 |c BK 
945 |d 20140821 14:35:00  |a dcastane 
260 |a Nueva Delhi  |b McGraw-Hill Education  |c 2006 
650 0 |a Análisis funcional   |9 269993 
583 |a last modification  |c 20140821 14:35:00  |k Rodrigo Vera 
490 0 |a International Series in Pure and Applied Mathematics 
999 |c 356597  |d 356595 
952 |0 0  |1 0  |3 erb  |4 0  |6 515_700000000000000_RUD_2006  |7 0  |8 A  |9 464046  |a BIBMAT  |b BIBMAT  |i 5110386  |l 2  |m 1  |o 515.7 RUD 2006  |p 5110386  |r 2025-01-07  |s 2022-09-07  |w 2019-11-23  |y BK  |z Catalogado en:20140821  |k MAT